| 000 | 01787cab a22003735a 4500 | ||
|---|---|---|---|
| 001 | L143301 | ||
| 008 | 080424e20080418xxk f 000 0 eng d | ||
| 035 | _a(Sirsi) u143301 | ||
| 041 | 0 | _aeng | |
| 100 | 1 | _aFrancis, Andrew | |
| 245 | 0 | 4 | _aThe law of light |
| 260 | _c2008 | ||
| 490 |
_aNew Law Journal _v158(7317) 18 April 2008, 541-542(2) |
||
| 520 | _aExamines the law governing the issue of the right to light. Argues that reform is needed owing to the complexity and fragmented nature of the legislation. Details the circumstances and legislation under which the right to light can be claimed. Covers the ways in which loss assessment is calculated. Suggests reform of the law relating to injunction avoidance, the power to avoid rights of light, and compensation. Outlines benefits of the suggested reforms. Case law. | ||
| 590 | _aKA | ||
| 650 | 2 | 4 | _aBOWRING SERVICES V SCOTTISH WIDOWS FUND |
| 650 | 2 | 4 | _aPRESCRIPTION ACT 1832 S3 |
| 650 | 2 | 4 | _aTAMARES (VINCENT SQUARE) LTD V FAIRPOINT PROPERTIES (VINCENT SQUARE) LTD |
| 650 | 2 | 4 | _aRHJ LTD V FT PATTEN (HOLDINGS) LTD AND ANOTHER |
| 650 | 2 | 4 | _aWHEELDON V BURROWS |
| 650 | 2 | 4 | _aCOLLS V HOME & COLONIAL STORES 1904 |
| 650 | 2 | 4 | _aDEAKINS V HOOKINGS |
| 650 | 2 | 4 | _aREGAN V PAUL PROPERTIES LTD AND OTHERS |
| 650 | 2 | 4 | _aLAND REGISTRATION ACT 2002 |
| 650 | 2 | 4 | _aTRIBUNALS, COURTS AND ENFORCEMENT ACT 2007 |
| 650 | 2 | 4 | _aAMEC DEVELOPMENTS LTD V JURY'S HOTEL MANAGEMENT (UK) LTD |
| 650 | 2 | 4 | _aCARR-SAUNDERS V DICK MCNEIL ASSOCIATES LTD |
| 650 | 2 | 4 | _aPARTY WALL ACT 1996 |
| 650 | 2 | 4 | _aTOWN AND COUNTRY PLANNING ACT 1990 |
| 650 | 2 | 4 | _aLAW OF PROPERTY ACT 1925 |
| 651 | 4 |
_aEngland and Wales _y1543- |
|
| 690 | _aPROPERTY-PROPERTY MANAGEMENT-EASEMENTS-RIGHTS TO LIGHT DETERMINATION-RIGHTS TO LIGHT | ||
| 942 | _n0 | ||
| 999 |
_c80133 _d80133 |
||